American politics : (Record no. 15457)

000 -LEADER
fixed length control field 00400nam a2200145 a 4500
020 ## - INTERNATIONAL STANDARD BOOK NUMBER
ISBN 0697128938
040 ## - CATALOGING SOURCE
Transcribing agency DLC
082 00 - DEWEY DECIMAL CLASSIFICATION NUMBER
Classification number 320 BRO 1993 A076 Or.
100 1# - MAIN ENTRY--AUTHOR NAME
Personal name Pynn, Ronald E.
245 10 - TITLE STATEMENT
Title American politics :
Remainder of title changing expectations /
250 ## - EDITION STATEMENT
Edition statement 4th ed.
260 ## - PUBLICATION, DISTRIBUTION, ETC. (IMPRINT)
Place of publication Madison, Wis. :
Name of publisher Brown & Benchmark Publishers,
Year of publication c1993.
300 ## - PHYSICAL DESCRIPTION
Number of Pages xiii, 465 p. :
Other physical details ill., maps ;
Dimensions 28 cm.
942 ## - ADDED ENTRY ELEMENTS (KOHA)
Koha item type សៀវភៅភាសាអង់គ្លេស
952 ## - LOCATION AND ITEM INFORMATION (KOHA)
Withdrawn status [LOCAL, KOHA] 0
Holdings
Permanent Location Date acquired Koha item type Lost status Shelving location Barcode Current Location Full call number
Library Block A2017-11-22សៀវភៅភាសាអង់គ្លេស A076A06506Library Block A320 BRO 1993 A076 Or.
មជ្ឈមណ្ឌលឯការនៃសាកលវិទ្យាល័យភូមិន្ទកសិកម្មចំការដូង

Powered by Koha